000 00660nam a2200181 i 4500
001 97025
003 ES-MaACL
005 20230906182025.0
007 t|
008 050705s1962 sp ||||1| spa d
100 1 _aMantoux, Paul.
_976171
245 1 3 _aLa Revolución Industrial en el siglo XVIII
_b: ensayo sobre los comienzos de la gran industria moderna en Inglaterra /
_cPaul Mantoux; prefacio de T. S. Ashton; traducción de Juan Martín.
260 _aMadrid :
_bAguilar,
_c1962.
300 _aXXVIII, 526 p. con 2 map. :
_bil. ;
_c21 cm.
700 1 _aAshton, T. S.
_923606
700 1 _aMartín, Juan.
_977330
852 _aES-MaACL
_jC-21314
_bR.49587
999 _c97025
_d97025